| 000 | 00634nam a2200193Ia 4500 | ||
|---|---|---|---|
| 003 | GCL | ||
| 008 | 140319s9999 xx 000 0 ara d | ||
| 040 |
_aGCL / _cGCL |
||
| 082 | 0 | 4 |
_a377,1 _bع ت |
| 100 | 1 | _aعبدالله ناصح علوان | |
| 245 | 1 | 0 |
_aتربية الاولاد فى الاسلام / _cعبدالله ناصح علوان |
| 260 |
_a[S.N] : _bدار السلام للطباعة والنشر والتوزيع |
||
| 300 | _a1021 | ||
| 490 | _a | ||
| 650 | 0 | 4 | _aالاخلاق الاسلامية |
| 650 | 0 | 4 | _aالاداب الاسلامية |
| 650 | 0 | 4 | _aالتربية الاسلامية |
| 942 |
_2ddc _cBK |
||
| 999 |
_c58738 _d58738 |
||